Future Spacecraft Propulsion Systems and Integration Enabling Technologies for Space Exploration /

The updated and expanded third edition of this book focuses on the multi-disciplinary coupling between flight-vehicle hardware alternatives and enabling propulsion systems. It discusses how to match near-term and far-term aerospace vehicles to missions and provides a comprehensive overview of the su...

Πλήρης περιγραφή

Λεπτομέρειες βιβλιογραφικής εγγραφής
Κύριοι συγγραφείς: Czysz, Paul A. (Συγγραφέας, http://id.loc.gov/vocabulary/relators/aut), Bruno, Claudio (http://id.loc.gov/vocabulary/relators/aut), Chudoba, Bernd (http://id.loc.gov/vocabulary/relators/aut)
Συγγραφή απο Οργανισμό/Αρχή: SpringerLink (Online service)
Μορφή: Ηλεκτρονική πηγή Ηλ. βιβλίο
Γλώσσα:English
Έκδοση: Berlin, Heidelberg : Springer Berlin Heidelberg : Imprint: Springer, 2018.
Έκδοση:3rd ed. 2018.
Σειρά:Astronautical Engineering,
Θέματα:
Διαθέσιμο Online:Full Text via HEAL-Link
LEADER 03656nam a2200541 4500
001 978-3-662-54744-1
003 DE-He213
005 20191027222819.0
007 cr nn 008mamaa
008 170831s2018 gw | s |||| 0|eng d
020 |a 9783662547441  |9 978-3-662-54744-1 
024 7 |a 10.1007/978-3-662-54744-1  |2 doi 
040 |d GrThAP 
050 4 |a TL787-4050.22 
050 4 |a TC1-1800 
072 7 |a TRP  |2 bicssc 
072 7 |a TEC002000  |2 bisacsh 
072 7 |a TRP  |2 thema 
072 7 |a TTDS  |2 thema 
082 0 4 |a 629.1  |2 23 
100 1 |a Czysz, Paul A.  |e author.  |4 aut  |4 http://id.loc.gov/vocabulary/relators/aut 
245 1 0 |a Future Spacecraft Propulsion Systems and Integration  |h [electronic resource] :  |b Enabling Technologies for Space Exploration /  |c by Paul A. Czysz, Claudio Bruno, Bernd Chudoba. 
250 |a 3rd ed. 2018. 
264 1 |a Berlin, Heidelberg :  |b Springer Berlin Heidelberg :  |b Imprint: Springer,  |c 2018. 
300 |a LXI, 463 p. 349 illus.  |b online resource. 
336 |a text  |b txt  |2 rdacontent 
337 |a computer  |b c  |2 rdamedia 
338 |a online resource  |b cr  |2 rdacarrier 
347 |a text file  |b PDF  |2 rda 
490 1 |a Astronautical Engineering,  |x 2365-9599 
505 0 |a Overview -- Our progress appears to be impeded -- Commercial near-Earth space launcher: a perspective -- Commercial near-Earth launcher: propulsion -- Earth orbit on-orbit operations in near-Earth orbit, a necessary second step -- Earth-Moon system: establishing a Solar System presence -- Exploration of our Solar System -- Stellar and interstellar precursor missions -- View to the future and exploration of our Galaxy. 
520 |a The updated and expanded third edition of this book focuses on the multi-disciplinary coupling between flight-vehicle hardware alternatives and enabling propulsion systems. It discusses how to match near-term and far-term aerospace vehicles to missions and provides a comprehensive overview of the subject, directly contributing to the next-generation space infrastructure, from space tourism to space exploration. This holistic treatment defines a mission portfolio addressing near-term to long-term space transportation needs covering sub-orbital, orbital and escape flight profiles. In this context, a vehicle configuration classification is introduced covering alternatives starting from the dawn of space access. A best-practice parametric sizing approach is introduced to correctly design the flight vehicle for the mission. This technique balances required mission with the available vehicle solution space and is an essential capability sought after by technology forecasters and strategic planners alike. 
650 0 |a Aerospace engineering. 
650 0 |a Astronautics. 
650 0 |a Space sciences. 
650 1 4 |a Aerospace Technology and Astronautics.  |0 http://scigraph.springernature.com/things/product-market-codes/T17050 
650 2 4 |a Space Sciences (including Extraterrestrial Physics, Space Exploration and Astronautics).  |0 http://scigraph.springernature.com/things/product-market-codes/P22030 
700 1 |a Bruno, Claudio.  |e author.  |4 aut  |4 http://id.loc.gov/vocabulary/relators/aut 
700 1 |a Chudoba, Bernd.  |e author.  |4 aut  |4 http://id.loc.gov/vocabulary/relators/aut 
710 2 |a SpringerLink (Online service) 
773 0 |t Springer eBooks 
776 0 8 |i Printed edition:  |z 9783662547427 
776 0 8 |i Printed edition:  |z 9783662547434 
776 0 8 |i Printed edition:  |z 9783662572085 
830 0 |a Astronautical Engineering,  |x 2365-9599 
856 4 0 |u https://doi.org/10.1007/978-3-662-54744-1  |z Full Text via HEAL-Link 
912 |a ZDB-2-ENG 
950 |a Engineering (Springer-11647)